Sustainable development and planning - accommodating social needs. (Record no. 60488)
[ view plain ]
| 000 -LEADER | |
|---|---|
| fixed length control field | 00922cam a2200205 4500 |
| 001 - CONTROL NUMBER | |
| control field | ABS60835 |
| 008 - FIXED-LENGTH DATA ELEMENTS--GENERAL INFORMATION | |
| fixed length control field | 000000n1999 000 0 eng u |
| 035 ## - SYSTEM CONTROL NUMBER | |
| System control number | (Sirsi) u101341 |
| 100 ## - MAIN ENTRY--PERSONAL NAME | |
| Personal name | Counsell, D. |
| 245 ## - TITLE STATEMENT | |
| Title | Sustainable development and planning - accommodating social needs. |
| 260 ## - PUBLICATION, DISTRIBUTION, ETC. | |
| Date of publication, distribution, etc. | 1999 |
| 490 ## - SERIES STATEMENT | |
| Series statement | Town & Country Planning |
| Volume/sequential designation | 68(6) June 1999, 202-204(3) |
| 520 ## - SUMMARY, ETC. | |
| Summary, etc. | The last in a series of three articles (for previous articles see ABS60550) looking at the issue of sustainable development and structure plan practice. Emphasises the need for social issues to be addressed in development plans as central to the concept of sustainable development, and looks at practical approaches to addressing these issues. |
| 650 ## - SUBJECT ADDED ENTRY--TOPICAL TERM | |
| Topical term or geographic name entry element | SUSTAINABLE DEVELOPMENT |
| 650 ## - SUBJECT ADDED ENTRY--TOPICAL TERM | |
| Topical term or geographic name entry element | STRUCTURE PLANS |
| 650 ## - SUBJECT ADDED ENTRY--TOPICAL TERM | |
| Topical term or geographic name entry element | SOCIAL ISSUES |
| 650 ## - SUBJECT ADDED ENTRY--TOPICAL TERM | |
| Topical term or geographic name entry element | DEVELOPMENT PLANNING |
| 690 ## - LOCAL SUBJECT ADDED ENTRY--TOPICAL TERM (OCLC, RLIN) | |
| Topical term or geographic name as entry element | PLANNING LAW AND PRACTICE |
| 942 ## - ADDED ENTRY ELEMENTS (KOHA) | |
| Suppress in OPAC | 0 |
| Withdrawn status | Lost status | Source of classification or shelving scheme | Damaged status | Not for loan | Home library | Current library | Shelving location | Date acquired | Total Checkouts | Full call number | Barcode | Date last seen | Copy number | Price effective from | Koha item type |
|---|---|---|---|---|---|---|---|---|---|---|---|---|---|---|---|
| Dewey Decimal Classification | London | London | Journal article | 03/11/1999 | ABS60835 | 101341-1001 | 06/08/2019 | 1 | 06/08/2019 | Journal article |